Das Rätsel der Sphinx sensationelle Spuren einer Zivilisation zwei Millionen Jahre vor unserer Zeit

Bibliographic Details
Main Author: Baigent, Michael, 1948- (Author)
Other Authors: Kleinschmidt, Bernhard (Translator)
Format: Book
Language:German
PhysicalDescription:287 s. fotogr., ilustr., mp. 19 cm
Published: München Knaur 2002
ISBN:3426775670
Subjects:

MARC

LEADER 00000nam a2200000 a 4500
001 vtls001441948
003 SK-MaSNL
005 20260301162909.0
008 240315sm y0 DE ab r 0 ger
020 |a 3426775670  |c [376,00] 
035 |a SNK000397153 
040 |a SNK  |b slo  |c SNK  |e AACR2 
044 |a DE 
072 7 |a 00  |x Veda. Všeobecnosti. Základy vedy a kultúry. Vedecká práca  |2 konspekt 
080 |a 001.94  |2 1981 
080 |a 904  |2 1981 
080 |a 291.2  |2 1981 
080 |a 213  |2 1981 
080 |a (0.062)  |2 1981 
100 1 |a Baigent, Michael,  |d 1948-  |4 aut  |9 340689 
245 1 4 |a Das Rätsel der Sphinx  |b sensationelle Spuren einer Zivilisation zwei Millionen Jahre vor unserer Zeit  |c Michael Baigent ; aus dem Englischen von Bernhard Kleinschmidt 
260 |a München  |b Knaur  |c 2002 
300 |a 287 s.  |b fotogr., ilustr., mp.  |c 19 cm 
650 0 7 |a antropológia  |2 SNK  |9 717 
650 0 7 |a kultúrna evolúcia  |2 SNK  |9 893 
650 0 7 |a ľudstvo  |x dejiny  |2 SNK  |9 66816 
650 0 7 |a civilizácia  |2 SNK  |9 887 
655 7 |a príručky  |2 SNK  |9 74364 
655 7 |a populárno-náučné publikácie  |2 SNK  |9 70460 
700 1 |a Kleinschmidt, Bernhard  |4 prk  |9 528139 
919 |a 3-426-77567-0 
999 |c 814939  |d 816869 
952 |t P60, <04>, [BOOK], {604}  |a SNK  |b SNK  |y VYP  |7 0  |p 17A0359482  |o snkID 97093  |i snkV 1321/2002  |0 0  |1 0  |4 0  |d 2002-10-29  |l 0  |r 2005-01-02 00:00:00  |w 2026-02-24